Statistics for NBA Teams Last All-Rookie Team Member

Click here to take the quiz!

General Stats

  • This quiz has been taken 36 times
  • The average score is 17 of 30

Answer Stats

TeamYearPlayer% Correct
Dallas Mavericks2019Luka Dončić
94%
Atlanta Hawks2019Trae Young/Kevin Huerter
94%
Utah Jazz2018Donovan Mitchell
87%
Boston Celtics2018Jayson Tatum
84%
Philadelphia 76ers2018Ben Simmons
81%
Portland Trail Blazers2013Damian Lillard
81%
Denver Nuggets2017Jamal Murray
81%
Minnesota Timberwolves2016Karl-Anthony Towns
81%
Los Angeles Lakers2018Kyle Kuzma/ Lonzo Ball
81%
New Orleans Pelicans2013Anthony Davis
77%
Washington Wizards2013Bradley Beal
77%
San Antonio Spurs2012Kawhi Leonard
74%
Memphis Grizzlies2019Jaren Jackson Jr.
68%
Chicago Bulls2018Lauri Markkanen
68%
Cleveland Cavaliers2019Collin Sexton
61%
Phoenix Suns2019Deandre Ayton
61%
Detroit Pistons2013Andre Drummond/Kyle Singler
58%
Milwaukee Bucks2017Malcolm Brogdon
55%
Sacramento Kings2019Marvin Bagley III
55%
Los Angeles Clippers2019Shai Gilgeous-Alexander/Landry Shamet
52%
Golden State Warriors2013Harrison Barnes
45%
Oklahoma City Thunder2014Steven Adams
45%
New York Knicks2019Mitchell Robinson
42%
Indiana Pacers2016Myles Turner
42%
Miami Heat2016Justise Winslow
29%
Toronto Raptors2013Jonas Valančiūnas
26%
Charlotte Hornets2014Cody Zeller
19%
Brooklyn Nets2015Bojan Bogdanović
10%
Houston Rockets2012Chandler Parsons
6%
Orlando Magic2015Elfrid Payton
3%

Score Distribution

Percentile by Number Answered

Percent of People with Each Score

Your Score History

You have not taken this quiz